Sổ tay chăn nuôi gà và gà tây

সংরক্ষণ করুন:
গ্রন্থ-পঞ্জীর বিবরন
প্রধান লেখক: Bùi Đức Lũng
বিন্যাস: গ্রন্থ
ভাষা:Undetermined
প্রকাশিত: H. Nông Nghiệp 2003
বিষয়গুলি:
ট্যাগগুলো: ট্যাগ যুক্ত করুন
কোনো ট্যাগ নেই, প্রথমজন হিসাবে ট্যাগ করুন!
Thư viện lưu trữ: Trung tâm Học liệu Trường Đại học Cần Thơ
LEADER 00493nam a2200181Ia 4500
001 CTU_58645
008 210402s9999 xx 000 0 und d
020 |b 18000 
082 |a 636.5 
082 |b L513 
100 |a Bùi Đức Lũng 
245 0 |a Sổ tay chăn nuôi gà và gà tây 
245 0 |c Bùi Đức Lũng 
260 |a H. 
260 |b Nông Nghiệp 
260 |c 2003 
650 |a poultry,chicken 
980 |a Trung tâm Học liệu Trường Đại học Cần Thơ